000 00242 a2200097 4500
001 54955
100 _aMunson, John C.
245 _aSoftware specifications and design
260 _aNY
_bAurebach Pub, NY
_c2006
090 _c34042
_d34042
942 _aNUST-CAE
_cMONOGRAPH
_c26717
999 _c290028
_d290028